| 000 | 00960nam a22003017a 4500 | ||
|---|---|---|---|
| 003 | CHAP | ||
| 005 | 20220329143349.0 | ||
| 008 | 081224s2005 us r 00010 spa d | ||
| 010 | _a95558 | ||
| 011 | _a96530 | ||
| 020 | _a0970707716 | ||
| 035 | _a107184 | ||
| 040 | _cCHAP | ||
| 082 | 0 | 4 |
_a574.8 _bM22 |
| 100 | 0 | 0 |
_aMcMurry, John. _973713 |
| 245 | 1 | 4 |
_aThe organic chemistry of biological pathways _c/by John E. McMurry and Tadhg P. Begley |
| 260 |
_aEnglewood, CO : _bRoberts and company, _cc2005 |
||
| 300 |
_axxi, 490 p. : _bilus. |
||
| 590 |
_aBATCH-UPD _b10 _c20130110 _lUCH01 _h0655 |
||
| 590 |
_aBATCH-UPD _b10 _c20130410 _lUCH01 _h0340 |
||
| 590 |
_aBATCH-UPD _b10 _c20130914 _lUCH01 _h0556 |
||
| 590 |
_aCONVERSION _b10 _c20130109 _lUCH01 _h1353 |
||
| 650 | 0 | 4 |
_aBiofĂsica. _912735 |
| 700 | 1 |
_aBegley, Tadhg P. _911280 |
|
| 901 | _aBK | ||
| 942 | _cLIBRO | ||
| 949 |
_a574.8 M22 _bBC _cLIBRO _d33724002075842 _eLIBRO _gI.c/e _h110190 _i107184 _si _t$1,138.00 |
||
| 999 |
_c95558 _d95558 |
||